000 01066cam a2200313 a 4500
003 CHAP
005 20220329142135.0
008 991215d1994 mx r 00010 eng d
010 _a79099
011 _a80071
020 _a9686923314
035 _a90513
040 _cCHAP
082 0 4 _a633.15 B43
100 0 0 _aBjarnason, M.
_eed.
_912973
245 1 4 _aThe subtropical, midaltitude, and highland maize subprogram :
_bmaize program special report
_c/ed. by M. Bjarnason
260 _aMéxico, D. F. :
_bCentro Internacional de Mejoramiento de Maíz y Trigo,
_c1994.
300 _a105 p. :
_bgrafs., mapas ; cuadros
590 _aBATCH-UPD
_b10
_c20130110
_lUCH01
_h0415
590 _aBATCH-UPD
_b10
_c20130410
_lUCH01
_h0050
590 _aBATCH-UPD
_b10
_c20130914
_lUCH01
_h0642
590 _aCONVERSION
_b10
_c20130109
_lUCH01
_h1344
650 1 4 _aMaíz
_xInvestigación.
_970984
650 1 4 _aMaíz
_xTrópicos.
_971076
901 _aBK
905 _aLilia Sánchez G.
942 _cLIBRO
949 _a633.15 B43
_bBC
_cLIBRO
_d33724000744272
_eLIBRO
_h94978
_i90513
_sb
999 _c79099
_d79099